01355cam a22002891 4500001001300000003000400013005001700017008004100034010001700075035001900092040005400111042001200165050002200177082001100199100004500210245021500255260002300470300003900493490003700532500009200569500018600661504004100847650003200888650003300920710005500953810005701008gs 51000251 DLC20260227111358.0790629s1951 dcuab b f000 0 eng c ags 51000251  a(OCoLC)5122670 aU.S. Geol. Survey. Library.cNICdNICdOCoLCdDLC apremarc00aQE75b.C5 no. 114 a551.491 aMcGuinness, C. L.q(Charles Lee),d1914-14aThe water situation in the United States with special reference to ground water,bwith a summary of the current water situation by States based on data supplied by field offices of the Water Resources Division. aWashingtonc[1951] a138, 127 p.bmaps, diagrs.c27 cm.1 aGeological Survey circular,v114 a"Adapted from a report prepared for the President's Water Resources Policy Commission." a"This report constitutes appendixes B and C of a report prepared in April 1950 by the Geological Survey ... entitled 'Water facts in relation to a national water-resources policy.'" a"Selected reading list": p. 135-138. 0aGroundwaterzUnited States. 0aWater-supplyzUnited States.1 aUnited States.bWater Resources Policy Commission.1 aUnited States.bGeological Survey.tCircular ;v114.